| 000 | 00488nam a2200169Ia 4500 | ||
|---|---|---|---|
| 008 | 230718s9999 xx 000 0 und d | ||
| 020 | _a9788126527335 | ||
| 041 | _aeng | ||
| 082 |
_a004 _bPOS |
||
| 100 | _aPoslad S. | ||
| 245 |
_aUbiquitous Computing _bSmart Devices, Environments And Interactions |
||
| 260 |
_c2014 _bWiley |
||
| 300 |
_a473 _dRef 1554 C (50656) |
||
| 365 |
_cRs. _b729.00 |
||
| 700 | _aPoslad S. | ||
| 906 |
_dO:0461127-Aug-2015B:SE/SI/203231-Jul-2015 _cIT _b1837.08 |
||
| 999 |
_c340215 _d340215 |
||